000 00658nam a2200205 a 4500
001 000043012
005 20201002040554.0
008 140217s1988 enk 001 0 spa d
020 _a0226470849
040 _aDO-SdBNP
_bspa
_cBNPHU
041 1 7 _aspa
_heng
082 _axxxx
_bxxxx
100 1 _aLe Goff, Jacques,
_d1924
_966441
240 1 0 _aL'imaginaire médiéval.
_lEspañol
245 1 0 _aThe medieval imagination /
_cJacques Le Goff ; translated by Arthur Goldhammer.
260 _aChicago :
_bUniversity of Chicago Press,
_c1988.
300 _avii, 293 p. ;
_c23 cm.
504 _aBibliography : p. 243-279
700 1 2 _aGoldhammer, Arthur
_etr.
_970532
999 _c42501
_d42501